| 000 | 00441nab a2200157Ia 4500 | ||
|---|---|---|---|
| 003 | ES-SlBCS | ||
| 005 | 20210601134621.0 | ||
| 008 | 140529s1983 xxu||||| |||| 00| 0 spa d | ||
| 041 | _aspa | ||
| 100 | 1 |
_aLópez, A. _9120433 |
|
| 245 | 0 | 0 |
_aEl grupo educativo _c A. López, J. Divasson |
| 650 | 0 | 4 |
_aGrupo Educativo _9220470 |
| 700 | 1 |
_aDivasson, J. _9220471 |
|
| 773 | 0 |
_tAnthropos _gvol. 4, nº. 6, 1983, págs. 82-109 _wRev38 |
|
| 942 | _cAR | ||
| 999 |
_c615344 _d615344 |
||